| 000 | 02633cam a22004694i 4500 | ||
|---|---|---|---|
| 003 | PE-LiUPU | ||
| 005 | 20250731165408.0 | ||
| 008 | 151016s2014 pe a grm 000 0 spa d | ||
| 035 | _a(Sirsi) a154902 | ||
| 040 |
_aPE-LiUPU _bspa _cPE-LiUPU _erda |
||
| 082 | 0 | 4 |
_a658.4012 _bC88 T3 |
| 099 |
_aTA 3 _bC88 2014 |
||
| 100 | 1 |
_aCruz Jara, Jorge Enrique _eautor |
|
| 245 | 1 |
_aPlan estratégico basado en stock mínimo para el aseguramiento de la producción de granola en la empresa alimentos Cade en el 2013 / _cJorge Enrique Cruz Jara. |
|
| 264 | 0 | _c2014. | |
| 300 |
_a78 hojas : _bilustraciones; _c30 cm |
||
| 336 |
_atext _2rdacontent |
||
| 337 |
_aunmediated _2rdamedia |
||
| 338 |
_avolume _2rdacarrier |
||
| 502 |
_aTesis _b(Mg.) -- _cUniversidad Peruana Unión, _d2014. |
||
| 504 | _aIncluye referencias | ||
| 520 | 3 | _aEl año pasado, la empresa Alimentos CADE ha perdido ventas (se estima un monto de 62.000 usd, anexo ventas no realizadas), por no atender los pedidos de los clientes, ahora con un mayor crecimiento (1.664.583 usd en ventas que corresponde a un aumento de 35% respecto al año 2012. Información del Estado de Resultados año 2013) es necesario organizar bien toda el área de producción para cumplir fielmente con los clientes y poder captar nuevas ventas. De ahí la necesidad de tener un stock mínimo en inventario, para atender a tiempo los pedidos de los clientes, ya que existen momentos cuando la demanda se dispara y la empresa debe poseer un stock los productos suficientes para cubrir esos pedidos. Por eso es importante conocer: ¿Cuál es la eficacia del plan estratégico basado en stock mínimo en el aseguramiento de la producción en la empresa Alimentos CADE en el 2013? La muestra para este estudio es NO probabilística, de tipo intencional. En la cual el investigador determina la población de los sujetos con quienes se ha de realizar el trabajo de investigación, la población queda constituida por 8 trabajadores de la Planta de Alimentos CADE. | |
| 526 | _aSEG44 | ||
| 526 | _aSEG26 | ||
| 526 | _aP151 | ||
| 526 | _aP150 | ||
| 526 | _aP149 | ||
| 526 | _aP146 | ||
| 526 | _aP145 | ||
| 526 | _aP126 | ||
| 526 | _aP125 | ||
| 526 | _aP92 | ||
| 526 | _aP75 | ||
| 526 | _aP74 | ||
| 526 | _aP27 | ||
| 526 | _aP15 | ||
| 650 | 0 | 4 |
_aPlanificación estratégica _xProducción _vTesis. |
| 610 | 2 |
_aEmpresa de Alimentos CADE _vPlanificación estratégica _vTesis. |
|
| 596 | _a1 | ||
| 942 |
_2ddc _cTESIS |
||
| 999 |
_aTA 3 C88 2014 _wALPHANUM _c7596 _iT01775 _lCCODEBUL3 _mBUL _r1 _sY _tTESIS _u2015-10-16 _xPOSGRADO _zMAADMNEG _d7596 |
||
| 980 |
_81 _gALBERTO SANCHEZ Responsable de Automatización |
||